Father-child relations : cultural and biosocial contexts

Αποθηκεύτηκε σε:
Λεπτομέρειες βιβλιογραφικής εγγραφής
Άλλοι συγγραφείς: Hewlett, Barry S. 1950- (Επιμελητής έκδοσης)
Μορφή: Βιβλίο
Γλώσσα:English
Δημοσίευση: New York : Aldine de Gruyter, 1992
Σειρά:Foundation of human behavior
Θέματα:
Ετικέτες: Προσθήκη ετικέτας
Δεν υπάρχουν, Καταχωρήστε ετικέτα πρώτοι!

MARC

LEADER 00000nam a2200000 i 4500
001 1/6015
008 960620s1992 eng d
020 |a 0-202-01188-7 
035 |l 10016207 
040 |a GR-MY-UA  |b gre  |e aacr 
041 0 |a eng 
082 0 |a 306.8742 
245 1 0 |a Father-child relations :  |b cultural and biosocial contexts 
260 |a New York :   |b Aldine de Gruyter,   |c 1992 
300 |a 376 p.  |b tables; fig. 
490 1 |a Foundations of human behavior 
504 |a Includes bibliographical references and index 
650 0 0 |a Fatherhood  |x Cross-cultural studies. 
650 0 0 |a Father and child  |x Cross-cultural studies. 
700 1 |a Hewlett, Barry S.  |d 1950-  |4 edt 
830 0 |a Foundation of human behavior 
852 |a INST  |b LESVOS  |e 19960620  |h 306.8742 FAT  |p 005100009884  |q 005100009884  |t BK  |y 0 
909 |a Λ  |b 044409